Logo

Description automatically generated
विद्यार्जन
 संसाधन केंद्र, भारतीय प्रौद्योगिकी संस्थान इन्दौर
Learning Resource Center, Indian Institute of Technology Indore

ऑनलाइन सार्वजनिक अभिगम प्रसूची
Online Public Access Catalogue (OPAC)

ধ্যানলোকা শ্রী মা সারদা দেবী = Dhyanaloke sri ma Sarada devi [in Bengali] (Record no. 57073)

MARC details
000 -LEADER
fixed length control field 00633nam a2200169Ia 4500
005 - DATE AND TIME OF LATEST TRANSACTION
control field 20260603120908.0
008 - FIXED-LENGTH DATA ELEMENTS--GENERAL INFORMATION
fixed length control field 260603s9999||||xx |||||||||||||| ||und||
020 ## - INTERNATIONAL STANDARD BOOK NUMBER
International Standard Book Number 9788196349080
020 ## - INTERNATIONAL STANDARD BOOK NUMBER
Qualifying information hb
082 ## - DEWEY DECIMAL CLASSIFICATION NUMBER
Classification number 891.44
Item number SWA
100 ## - MAIN ENTRY--PERSONAL NAME
Personal name স্বামী চেতনানন্দ = Swami Chetanananda
245 #0 - TITLE STATEMENT
Title ধ্যানলোকা শ্রী মা সারদা দেবী = Dhyanaloke sri ma Sarada devi [in Bengali]
260 ## - PUBLICATION, DISTRIBUTION, ETC.
Place of publication, distribution, etc. কলকাতা = Kolkata
Name of publisher, distributor, etc. রামকৃষ্ণ মঠ = Ramakrishna Math
Date of publication, distribution, etc. 2024
300 ## - PHYSICAL DESCRIPTION
Extent 216p. ; 22cm.
653 ## - INDEX TERM--UNCONTROLLED
Uncontrolled term Bengali Language--Literature
942 ## - ADDED ENTRY ELEMENTS (KOHA)
Koha item type Book
Holdings
Withdrawn status Lost status Damaged status Not for loan Collection code Home library Current library Shelving location Date acquired Source of acquisition Total Checkouts Full call number Barcode Date last seen Price effective from Koha item type
        Matrubhasa Collection LRC, IIT Indore LRC, IIT Indore 3rd Floor - Matrubhasa Collection 03/06/2026 Gratis Book Price: INR 250.00   891.44 SWA MB347 03/06/2026 03/06/2026 Matrubhasa Collection
Copyright © 2017-2026 Indian Institute of Technology Indore. All Rights Reserved.
Managed & maintained by Learning Resource Center, IIT Indore